Представление документа в формате RUSMARC

ПолеНазваниеЗначение
  Тип записи a
  Библиографический уровень m
001 Контрольный номер RU/IS/BASE/307546512
005 Дата корректировки 20230405095649.8
010 Индекс ISBN __
a ISBN 5-85971-440-8
d Цена 240-00
021 № государственной регистрации __
b № документа 2006-48165
b № документа 2392
100 Данные общей обработки __
a Данные общей обработки 19060821d2006 |||y0rusy0189 ca
101 Язык документа 0_
a Язык текста rus
c Язык оригинала rus
102 Страна публикации __
a Страна публикации ru
105 Кодированные данные (монография) __
a Кодированные данные (монография) y |||||||zy
200 Заглавие и сведения об ответственности 1_
a Заглавие Уголовно-процессуальный кодекс Российской Федерации
e Сведения, относящиеся к заглавию коммент., пост. материалы, судеб. и адвокаталог практика, образцы док.
f Первые сведения об ответственности Е. П. Данилов ; Междунар. союз (содружество) адвокатов
b Общее обозначение материала Текст
205 Сведения об издании __
a Основные сведения об издании Изд. 3-е, перераб. и доп.
210 Выходные данные 1_
a Место издания М.
c Издательство КноРус
d Дата издания 2006
215 Физическое описание __
a Объем 1018 с.
225 Серия 2_
a Серия Справочник адвоката
320 Библиография __
a Библиография Указ. судеб. практики за 1993-2005 гг. - Библиогр.: с. 976
330 Аннотация __
a Аннотация Пособие для практикующего юриста, в первую очередь адвоката.
606 Тематические рубрики __
a Основная рубрика Право
a Основная рубрика Уголовное процессуальное право
z Хронологическая подрубрика 20 в. кон. ; 21 в. нач.
y Географическая подрубрика РФ; Россия
610 Ключевые слова 0_
a Ключевые слова уголовная ответственность; уголовно-процессуальное законодательство; уголовное судопроизводство; уголовные дела; достоинства личности; неприкосновенность; тайна переписки; презумпция невиновности; уголовное преследование; права потерпевших; прекращение уголовного дела; подсудность; прокуроры; следователи; органы дознания; подозреваемые; защитники; ответчики; свидетели; отводы; доказательства; показания; вещественные доказательства; доказывание; задержание подозреваемого; меры пресечения; ходатайства; процессуальные сроки; реабилитация; досудебное производство; возбуждение уголовных дел; предварительное расследование; пердварительные следствия; обвинение; судебная экспертиза; обвинительные заключения; судебные заседания; судебное производство; осмотры; прения сторон; апелляционные инстанции; апелляции; апелляционное производство; кассационные жалобы; кассационное производство; исполнение приговоров; международное сотрудничество; процессуальные документы
686 Индексы других классификаций __
a Классификационный индекс 67.410.2(2Рос)-32
700 Автор _1
a Фамилия Данилов
b Имя Е. П.
g Полное личное имя Евгений Петрович
4 Код отношения 070
801 Источник записи _0
a Страна ru
b Организация Муниципальное бюджетное учреждение культуры "Централизованная библиотечная система" г. Сургут (Центральная городская библиотека им. А. С. Пушкина)
c Дата составления 20060821
g Правила каталогизации КиК/Елгина
801 Источник записи _1
a Страна ru
b Организация Муниципальное бюджетное учреждение культуры "Централизованная библиотечная система" г. Сургут (Центральная городская библиотека им. А. С. Пушкина)
c Дата составления 20060821
g Правила каталогизации КиК/Елгина
852 Данные о местонахождении __
j Шифр хранения 67.410.2(2Рос)-32
c Каталожный индекс 67.411(2Рос)
i Авторский знак Д 18
901 Тип документа __
t Тип документа m
903 Характеристики (МАРС) __
a Дата передачи 20070215
990 Данные о заказе (DOS) __
j Количество экземпляров (DOS) 3
t N записи в КСУ для И/У (DOS) 200702